000 00557nam a22001697a 4500
005 20251108164332.0
008 250721s1978 xx 000 0 ara d
082 1 4 _a400/ناي
100 1 _aخرما، نايف
245 1 0 _aأضواء على الدراسات اللغوية المعاصرة /
264 1 _aالكويت :
_bالمجلس الوطني للثقافة و الفنون و الآداب،
_c1978.
300 _a340ص
490 0 _aسلسلة عالم المعرفة ؛ 9
650 1 7 _aاللسانيات
942 _2ddc
_cBK
999 _c9643
_d9643